Time to act : (Record no. 19184)

000 -LEADER
fixed length control field 00422nam a2200157 a 4500
020 ## - INTERNATIONAL STANDARD BOOK NUMBER
ISBN 9823440018
040 ## - CATALOGING SOURCE
Transcribing agency HWE
082 00 - DEWEY DECIMAL CLASSIFICATION NUMBER
Classification number 362 UNI 1996 C163 Or.
245 00 - TITLE STATEMENT
Title Time to act :
Remainder of title the Pacific response to HIV and AIDS.
260 ## - PUBLICATION, DISTRIBUTION, ETC. (IMPRINT)
Place of publication Suva, Fiji :
Name of publisher United Nations,
Year of publication 1996
300 ## - PHYSICAL DESCRIPTION
Number of Pages viii, 124 p. :
Other physical details ill. ;
Dimensions 27 cm.
650 #0 - SUBJECT ADDED ENTRY--TOPICAL TERM
Topical Term AIDS (Disease)
650 #0 - SUBJECT ADDED ENTRY--TOPICAL TERM
Topical Term HIV infections
710 2# - ADDED ENTRY--CORPORATE NAME
Corporate name or jurisdiction name as entry element United Nations.
942 ## - ADDED ENTRY ELEMENTS (KOHA)
Koha item type សៀវភៅភាសាអង់គ្លេស
952 ## - LOCATION AND ITEM INFORMATION (KOHA)
Withdrawn status [LOCAL, KOHA] 0
Holdings
Permanent Location Date acquired Koha item type Lost status Shelving location Barcode Current Location Full call number
Library Block C2020-05-11សៀវភៅភាសាអង់គ្លេស C163A39660Library Block C362 UNI 1996 C163 Or.
មជ្ឈមណ្ឌលឯការនៃសាកលវិទ្យាល័យភូមិន្ទកសិកម្មចំការដូង

Powered by Koha